000 00626nam a2200217Ia 4500
005 20250923145908.0
008 008 250917s9999 xx 000 0 eng d
037 _aTextual
040 _aDSWL
_beng
_cDSWL
041 _aeng
_2eng
084 _aY:fx1Y:4342, N93
_qDSWL
100 _aBulmer, M.
_9840038
245 0 _aSocial Research in Developing countries
_c by M. Bulmer
260 _aNew Delhi
_b Research Press
_c1993
300 _axviii,383p.
365 _aINR
_b750.00
700 _a D.P. Warwick
_9840039
925 _g750.00
942 _cTEXL
_hY:fx1Y:4342, N93
999 _c1457051
_d1457051